[Event "Isola d'Elba op 27th"]
[Site "Capoliveri"]
[Date "2009.05.??"]
[Round "5"]
[White "Ortega, Lexy"]
[Black "Cordara, Michele"]
[Result "1-0"]
[WhiteElo "2442"]
[BlackElo "2093"]
[PlyCount "55"]
[EventDate "2009.05.10"]
[EventType "swiss"]
[EventRounds "9"]
[EventCountry "ITA"]
[SourceTitle "EXT 2011"]
[Source "ChessBase"]
[SourceDate "2010.11.26"]
[SourceVersion "1"]
[SourceVersionDate "2010.11.26"]
[SourceQuality "1"]

1. d4 Nf6 2. Nf3 d5 3. c4 e6 4. e3 Be7 5. Nc3 0-0 6. Bd3 dxc4 7. Bxc4 c5 8. 0-0 cxd4 9. exd4 Qc7 10. Qe2 a6 11. a4 Nc6 12. Bg5 Rd8 13. Rad1 Nd5 14. Bc1 Nxc3 15. bxc3 Na5 16. Bd3 Bd7 17. Ne5 Be8 18. Bf4 Qxc3 19. Bxh7+ Kxh7 20. Rd3 Qxd3 21. Qxd3+ Kg8 22. h4 Bxa4 23. h5 Nc6 24. h6 Nxe5 25. Bxe5 Bg5 26. Bxg7 Bf4 27. Qf3 Bd6 28. Bf6 1-0

[Event "Bratto op-A 28th"]
[Site "Bratto"]
[Date "2008.08.25"]
[Round "4"]
[White "Stips, Felix"]
[Black "Cordara, Michele"]
[Result "1-0"]
[WhiteElo "2061"]
[BlackElo "2146"]
[PlyCount "63"]
[EventDate "2008.08.22"]
[EventType "swiss"]
[EventRounds "9"]
[EventCountry "ITA"]
[SourceTitle "CBM 126 Extra"]
[Source "ChessBase"]
[SourceDate "2008.11.05"]
[SourceVersion "1"]
[SourceVersionDate "2008.11.05"]
[SourceQuality "1"]

1. Nf3 Nf6 2. c4 c5 3. Nc3 Nc6 4. d4 cxd4 5. Nxd4 g6 6. e4 d6 7. Be2 Bg7 8. Be3 0-0 9. 0-0 Bd7 10. Qd2 Ng4 11. Bxg4 Bxg4 12. b3 a6 13. a4 Re8 14. Nd5 Rb8 15. a5 Be6 16. Nb6 Nxd4 17. Bxd4 f5 18. Bxg7 Kxg7 19. Qd4+ Kg8 20. e5 dxe5 21. Qxe5 Qd6 22. Qxd6 exd6 23. Rad1 Rbd8 24. Rd2 Bf7 25. Rfd1 Re5 26. b4 Kf8 27. f3 Re3 28. Rxd6 Rxd6 29. Rxd6 Rb3 30. Rd7 Rxb4 31. Rxb7 Ke8 32. Rb8+ 1-0

[Event "Bratto op-A 28th"]
[Site "Bratto"]
[Date "2008.08.24"]
[Round "3"]
[White "Cordara, Michele"]
[Black "Scalcione, Michelangelo"]
[Result "0-1"]
[WhiteElo "2146"]
[BlackElo "2398"]
[PlyCount "62"]
[EventDate "2008.08.22"]
[EventType "swiss"]
[EventRounds "9"]
[EventCountry "ITA"]
[SourceTitle "CBM 126 Extra"]
[Source "ChessBase"]
[SourceDate "2008.11.05"]
[SourceVersion "1"]
[SourceVersionDate "2008.11.05"]
[SourceQuality "1"]

1. c4 b6 2. Nc3 c5 3. Nf3 Bb7 4. d4 cxd4 5. Qxd4 Nc6 6. Qd2 Nf6 7. e3 e6 8. Be2 Bb4 9. Qc2 0-0 10. 0-0 Rc8 11. Rd1 a6 12. Bd2 Ne7 13. Qa4 Bd6 14. e4 Bc6 15. Qc2 Ng6 16. Be3 Bb8 17. c5 b5 18. b4 Ng4 19. a4 Nh4 20. axb5 axb5 21. h3 Nxf3+ 22. Bxf3 Nxe3 23. fxe3 Be5 24. Ra3 Ra8 25. Rda1 Rxa3 26. Rxa3 Qh4 27. Ra1 f5 28. Rf1 Qg3 29. exf5 Bxf3 30. Rxf3 Qe1+ 31. Rf1 Qxe3+ 0-1

[Event "ITA-ch sf"]
[Site "Saint Vincent"]
[Date "2008.07.23"]
[Round "5"]
[White "Rorato, Giovanni"]
[Black "Cordara, Michele"]
[Result "1/2-1/2"]
[WhiteElo "2065"]
[BlackElo "2146"]
[PlyCount "72"]
[EventDate "2008.07.19"]
[EventType "swiss"]
[EventRounds "9"]
[EventCountry "ITA"]
[SourceTitle "EXT 2009"]
[Source "ChessBase"]
[SourceDate "2008.11.26"]
[SourceVersion "1"]
[SourceVersionDate "2008.11.26"]
[SourceQuality "1"]

1. d4 Nf6 2. Nf3 c5 3. d5 e6 4. Nc3 d6 5. e4 e5 6. Be2 Be7 7. 0-0 0-0 8. Rb1 Na6 9. Nd2 Ne8 10. Nc4 Bg5 11. f4 Bxf4 12. Bxf4 exf4 13. Rxf4 Qg5 14. Qd2 Bh3 15. Bf1 h6 16. Kh1 Bd7 17. a4 Nb4 18. Rf2 Qxd2 19. Rxd2 f5 20. e5 dxe5 21. Nxe5 Rd8 22. d6 Be6 23. Rbd1 Nf6 24. Ng6 Rfe8 25. Bb5 Bd7 26. Bxd7 Rxd7 27. Ne7+ Kf7 28. Nxf5 Re5 29. Ng3 Nc6 30. Nce2 b6 31. c3 Na5 32. b4 Nc4 33. Ra2 Rxd6 34. Rxd6 Nxd6 35. a5 cxb4 36. cxb4 bxa5 1/2-1/2